[Event "Mlada Boleslav Region-ch"]
[Site "Mlada Boleslav"]
[Date "2015.06.20"]
[Round "1"]
[White "Zemenova, Veronika"]
[Black "Soukup, Jiri"]
[Result "0-1"]
[WhiteElo "1311"]
[BlackElo "1556"]
[PlyCount "53"]
[EventDate "2015.06.20"]
[EventType "swiss"]
[EventRounds "7"]
[EventCountry "CZE"]
[SourceTitle "EXT 2017"]
[Source "ChessBase"]
[SourceDate "2016.10.25"]
[SourceVersion "1"]
[SourceVersionDate "2016.10.25"]
[SourceQuality "1"]

1. e4 e6 2. d4 d5 3. exd5 exd5 4. Bd3 Bd6 5. Nc3 c6 6. Nge2 Qc7 7. b3 Ne7 8. Be3 Bf5 9. Bxf5 Nxf5 10. Qd3 Ne7 11. g3 Ng6 12. 0-0 0-0 13. f4 f5 14. Bd2 Nd7 15. Kh1 Rae8 16. Ng1 Nf6 17. Nf3 Ne4 18. Kg2 Rf6 19. Rae1 Re7 20. Re2 Nxc3 21. Rxe7 Qxe7 22. Bxc3 Bxf4 23. Kh1 Bd6 24. Re1 Qf8 25. Bd2 f4 26. c4 fxg3 27. Rf1 0-1

[Event "CZE-ch U16 Girls"]
[Site "Kouty nad Desnou"]
[Date "2015.03.11"]
[Round "6"]
[White "Vlkova, Anezka"]
[Black "Zemenova, Veronika"]
[Result "1-0"]
[WhiteElo "1530"]
[BlackElo "1100"]
[PlyCount "43"]
[EventDate "2015.03.07"]
[EventType "swiss"]
[EventRounds "9"]
[EventCountry "CZE"]
[SourceTitle "EXT 2017"]
[Source "ChessBase"]
[SourceDate "2016.10.25"]
[SourceVersion "1"]
[SourceVersionDate "2016.10.25"]
[SourceQuality "1"]

1. e4 e6 2. d4 d5 3. Nc3 Nf6 4. e5 Nfd7 5. f4 c5 6. Nf3 Nc6 7. Be3 Qb6 8. Qd2 Qxb2 9. Rb1 Qa3 10. Bb5 Qa5 11. 0-0 a6 12. Bxc6 bxc6 13. g4 Be7 14. Bf2 Qc7 15. Ne2 Bb7 16. c3 Rb8 17. f5 h6 18. Bh4 g5 19. fxg6 fxg6 20. Bxe7 Kxe7 21. Nh4 Kd8 22. Nxg6 1-0

[Event "CZE-ch U16 Girls"]
[Site "Kouty nad Desnou"]
[Date "2015.03.09"]
[Round "3"]
[White "Zemenova, Veronika"]
[Black "Tajovska, Martina"]
[Result "0-1"]
[WhiteElo "1100"]
[BlackElo "1630"]
[PlyCount "62"]
[EventDate "2015.03.07"]
[EventType "swiss"]
[EventRounds "9"]
[EventCountry "CZE"]
[SourceTitle "EXT 2017"]
[Source "ChessBase"]
[SourceDate "2016.10.25"]
[SourceVersion "1"]
[SourceVersionDate "2016.10.25"]
[SourceQuality "1"]

1. e4 c6 2. d4 d5 3. exd5 cxd5 4. Nf3 Bg4 5. Be2 Nc6 6. Nc3 Nf6 7. h3 Bh5 8. Qd3 e6 9. a3 Be7 10. Be3 Rc8 11. 0-0 0-0 12. Rfe1 Na5 13. b3 Bg6 14. Qd2 b6 15. Bd3 Bxd3 16. Qxd3 Qc7 17. Bd2 Nb7 18. Kh1 Nd6 19. Rac1 Nde4 20. Nxe4 dxe4 21. Rxe4 Nxe4 22. Qxe4 Bxa3 23. Ra1 Be7 24. Rc1 Rfd8 25. c3 Bf6 26. Kg1 Qd7 27. Be3 Qb5 28. b4 a5 29. bxa5 bxa5 30. Bg5 Bxg5 31. Nxg5 Qxg5 0-1

[Event "Mlada Boleslav Region-ch U20"]
[Site "Mlada Boleslav"]
[Date "2012.06.23"]
[Round "2"]
[White "Balek, Filip"]
[Black "Zemenova, Veronika"]
[Result "1-0"]
[WhiteElo "1441"]
[BlackElo "1100"]
[PlyCount "41"]
[EventDate "2012.06.23"]
[EventType "swiss"]
[EventRounds "7"]
[EventCountry "CZE"]
[SourceTitle "EXT 2014"]
[Source "ChessBase"]
[SourceDate "2013.11.20"]
[SourceVersion "1"]
[SourceVersionDate "2013.11.20"]
[SourceQuality "1"]

1. e4 e5 2. Nf3 Nc6 3. Bb5 Nf6 4. d3 h6 5. Bxc6 bxc6 6. Nxe5 Bb7 7. Be3 Be7 8. Qf3 d6 9. Nc4 g6 10. Na5 Bc8 11. Nxc6 Qd7 12. Nxe7 Qxe7 13. Bd4 Nd7 14. Bxh8 Nb6 15. Qf6 Qd7 16. e5 Nd5 17. Qf3 c6 18. exd6 Qxd6 19. Qe4+ Be6 20. 0-0 Kd7 21. Qe5 1-0

[Event "CZE-ch U12 Girls"]
[Site "Kouty nad Desnou"]
[Date "2011.03.19"]
[Round "9"]
[White "Nemcova, Kamila"]
[Black "Zemenova, Veronika"]
[Result "1-0"]
[WhiteElo "1438"]
[BlackElo "1100"]
[PlyCount "137"]
[EventDate "2011.03.12"]
[EventType "swiss"]
[EventRounds "9"]
[EventCountry "CZE"]
[SourceTitle "EXT 2014"]
[Source "ChessBase"]
[SourceDate "2013.11.20"]
[SourceVersion "1"]
[SourceVersionDate "2013.11.20"]
[SourceQuality "1"]

1. e4 e5 2. Nf3 Nc6 3. d4 exd4 4. Nxd4 Qh4 5. Nc3 Bb4 6. Be2 Qxe4 7. Ndb5 Qe5 8. f4 Qe4 9. Nxc7+ Kd8 10. Nxa8 Qxg2 11. Bf3 Bxc3+ 12. bxc3 Qg6 13. Qd3 Qe6+ 14. Qe3 Qc4 15. Bxc6 Qxc6 16. Rg1 Nf6 17. Qd4 Rg8 18. Bd2 Qf3 19. Qf2 Re8+ 20. Kf1 Qh3+ 21. Qg2 Qh4 22. Qg3 Qh5 23. Re1 b6 24. Rxe8+ Kxe8 25. Qe1+ Kd8 26. Qe2 Qh3+ 27. Ke1 d6 28. Rg3 Qh4 29. Qd3 Ne8 30. Qe2 Nf6 31. Qd3 Ne8 32. h3 Ba6 33. Qf3 Bb7 34. Qxb7 Qxg3+ 35. Kd1 Qg1+ 36. Be1 Qg6 37. Qxa7 Qh5+ 38. Kc1 Qxh3 39. Nxb6 Nf6 40. Qb8+ Ke7 41. Nc8+ Ke6 42. Qxd6+ Kf5 43. Qe5+ Kg4 44. Qg5+ Kf3 45. Qxg7 Ne4 46. Ne7 Qh1 47. Kb2 Qxe1 48. a4 Nc5 49. Qxf7 Nxa4+ 50. Ka2 Qxc3 51. Qb3 Qxb3+ 52. Kxb3 Nc5+ 53. Kc4 Kxf4 54. Kxc5 h5 55. Ng6+ Kg5 56. Ne5 h4 57. Nf3+ Kf4 58. Nxh4 Ke3 59. c4 Ke4 60. Kc6 Kd4 61. c5 Kc4 62. Kb6 Kb4 63. c6 Kc4 64. c7 Kd4 65. c8Q Kd5 66. Qc5+ Ke4 67. Qd6 Ke3 68. Kc5 Ke4 69. Qd4# 1-0

[Event "CZE-ch U12 Girls"]
[Site "Kouty nad Desnou"]
[Date "2011.03.17"]
[Round "7"]
[White "Zemenova, Veronika"]
[Black "Pokorna, Jana"]
[Result "1/2-1/2"]
[WhiteElo "1100"]
[BlackElo "1100"]
[PlyCount "44"]
[EventDate "2011.03.12"]
[EventType "swiss"]
[EventRounds "9"]
[EventCountry "CZE"]
[SourceTitle "EXT 2014"]
[Source "ChessBase"]
[SourceDate "2013.11.20"]
[SourceVersion "1"]
[SourceVersionDate "2013.11.20"]
[SourceQuality "1"]

1. e4 e5 2. Nf3 Nc6 3. Bc4 Nf6 4. Nc3 Bc5 5. 0-0 d6 6. d3 Bg4 7. Bg5 h6 8. Bxf6 Qxf6 9. Nd5 Qd8 10. h3 Be6 11. Qe1 Bxd5 12. Bxd5 Nd4 13. Qd1 c6 14. Bc4 0-0 15. g3 Qf6 16. Nh4 b5 17. Bb3 Nxb3 18. cxb3 d5 19. Nf5 Rad8 20. Qg4 Qg6 21. Rac1 Qxg4 22. hxg4 Bd4 1/2-1/2

[Event "CZE-ch U12 Girls"]
[Site "Kouty nad Desnou"]
[Date "2011.03.13"]
[Round "2"]
[White "Zemenova, Veronika"]
[Black "Rerabkova, Eliska"]
[Result "0-1"]
[WhiteElo "1100"]
[BlackElo "1250"]
[PlyCount "60"]
[EventDate "2011.03.12"]
[EventType "swiss"]
[EventRounds "9"]
[EventCountry "CZE"]
[SourceTitle "EXT 2014"]
[Source "ChessBase"]
[SourceDate "2013.11.20"]
[SourceVersion "1"]
[SourceVersionDate "2013.11.20"]
[SourceQuality "1"]

1. e4 c5 2. Nf3 d6 3. d4 cxd4 4. Nxd4 Nf6 5. Nc3 g6 6. Bg5 Bg7 7. Qd2 0-0 8. Bh6 Nc6 9. Bxg7 Kxg7 10. 0-0-0 a6 11. Bc4 Ne5 12. Bd3 b5 13. f4 Nxd3+ 14. Qxd3 e5 15. fxe5 dxe5 16. Ne6+ Bxe6 17. Qf3 Qc8 18. Rhf1 Nh5 19. h3 Nf4 20. g3 Nxh3 21. Qf6+ Kg8 22. Nd5 Bxd5 23. exd5 Qd8 24. Qxe5 Qg5+ 25. Qxg5 Nxg5 26. Rh1 Ne4 27. Rh2 Rad8 28. Rdh1 Nxg3 29. Rg1 Nf5 30. Rgh1 h5 0-1

[Event "CZE-ch U10 Girls"]
[Site "Kouty nad Desnou"]
[Date "2010.03.06"]
[Round "1"]
[White "Zemenova, Veronika"]
[Black "Rerabkova, Eliska"]
[Result "0-1"]
[WhiteElo "1100"]
[BlackElo "1250"]
[PlyCount "36"]
[EventDate "2010.03.06"]
[EventType "swiss"]
[EventRounds "9"]
[EventCountry "CZE"]
[SourceTitle "EXT 2012"]
[Source "ChessBase"]
[SourceDate "2011.11.24"]
[SourceVersion "1"]
[SourceVersionDate "2011.11.24"]
[SourceQuality "1"]

1. e4 c5 2. Nf3 d6 3. d4 cxd4 4. Nxd4 Nf6 5. Nc3 g6 6. Bc4 Bg7 7. Bb5+ Bd7 8. Bxd7+ Nbxd7 9. 0-0 0-0 10. Ndb5 a6 11. Na3 Qc7 12. Nd5 Nxd5 13. Qxd5 Qc5 14. Qxc5 dxc5 15. Nc4 Rad8 16. Rd1 Ne5 17. Rxd8 Rxd8 18. Nb6 Rd1# 0-1

[Event "CZE-ch U10 Girls"]
[Site "Kouty nad Desnou"]
[Date "2009.03.12"]
[Round "7"]
[White "Zemenova, Veronika"]
[Black "Drastichova, Anezka"]
[Result "0-1"]
[WhiteElo "1000"]
[BlackElo "1100"]
[PlyCount "51"]
[EventDate "2009.03.07"]
[EventType "swiss"]
[EventRounds "9"]
[EventCountry "CZE"]
[SourceTitle "EXT 2011"]
[Source "ChessBase"]
[SourceDate "2010.11.26"]
[SourceVersion "1"]
[SourceVersionDate "2010.11.26"]
[SourceQuality "1"]

1. e4 e5 2. Nf3 Nc6 3. Bc4 Bc5 4. 0-0 Nf6 5. Nc3 0-0 6. d4 exd4 7. Nxd4 Nxd4 8. Be3 d6 9. Bxd4 Bg4 10. f3 Bxd4+ 11. Qxd4 Be6 12. a4 Qd7 13. Bb5 c5 14. Qd3 Qe7 15. a5 a6 16. Ba4 Bd7 17. Nb5 axb5 18. Bxb5 Bxb5 19. Qxb5 Rab8 20. Qb6 Qe6 21. Qa7 Qe5 22. a6 bxa6 23. Rxa6 Qd4+ 24. Rf2 Rxb2 25. h3 Rb1+ 26. Kh2 0-1

[Event "CZE-ch U10 Girls"]
[Site "Kouty nad Desnou"]
[Date "2009.03.10"]
[Round "5"]
[White "Kalinova, Eliska"]
[Black "Zemenova, Veronika"]
[Result "1-0"]
[WhiteElo "1000"]
[BlackElo "1000"]
[PlyCount "65"]
[EventDate "2009.03.07"]
[EventType "swiss"]
[EventRounds "9"]
[EventCountry "CZE"]
[SourceTitle "EXT 2011"]
[Source "ChessBase"]
[SourceDate "2010.11.26"]
[SourceVersion "1"]
[SourceVersionDate "2010.11.26"]
[SourceQuality "1"]

1. e4 e5 2. Nf3 Nc6 3. Bc4 Bc5 4. b4 Bxb4 5. c3 Bc5 6. d4 exd4 7. cxd4 Bxd4 8. Nxd4 Nxd4 9. Qxd4 Nf6 10. e5 Nh5 11. Qd5 Qe7 12. 0-0 d6 13. exd6 Be6 14. dxe7 Bxd5 15. Bxd5 Kxe7 16. Re1+ Kd6 17. Bxb7 Rab8 18. Bf3 Nf6 19. Ba3+ c5 20. Rd1+ Kc7 21. Bxc5 Nd7 22. Bd6+ Kd8 23. Bxb8 Re8 24. Bxa7 Kc8 25. Rc1+ Nc5 26. Rxc5+ Kd7 27. Bc6+ Kc7 28. Bxe8+ Kd8 29. Bxf7 Ke7 30. Rc7+ Kd8 31. Bb6 g6 32. Nc3 h5 33. Rd1# 1-0